Films avec Isabelle Adjani par image - Statistiques

Statistiques générales
  • Ce quiz a été pris 64 fois
  • Le résultat moyen est 8 sur 16
Statistiques - réponses
Par images Réponse % Correct
La Reine Margot
91%
Camille Claudel
84%
L'Eté meurtrier
84%
Subway
80%
La Gifle
75%
La Journée de la juppe
48%
Possession
48%
L'Histoire d'Adèle H.
45%
Mascarade
45%
Clara et les Chics Types
43%
Tout feu, tout flamme
43%
Les Sœurs Brontë
39%
Diabolique
36%
Mortelle randonnée
34%
Le Petit Bougnat
23%
Barocco
16%
Aucun quiz correspondant
Distribution des résultats
% des personnes avec chaque résultat
Percentile par nombre de réponses
Votre historique - résultats
Vous n’avez pas pris ce quiz